Wanted: a healthy South, (Record no. 38348)

MARC details
000 -LEADER
fixed length control field 00714cam a22002411 4500
001 - CONTROL NUMBER
control field med47001619
003 - CONTROL NUMBER IDENTIFIER
control field DLC
005 - DATE AND TIME OF LATEST TRANSACTION
control field 20260227111602.0
008 - FIXED-LENGTH DATA ELEMENTS--GENERAL INFORMATION
fixed length control field 750909s1946 gau 000 0 eng
010 ## - LIBRARY OF CONGRESS CONTROL NUMBER
LC control number med47001619
035 ## - SYSTEM CONTROL NUMBER
System control number (OCoLC)1613264
040 ## - CATALOGING SOURCE
Original cataloging agency DLC
Transcribing agency FMU
Modifying agency OCoLC
-- DLC
042 ## - AUTHENTICATION CODE
Authentication code premarc
050 00 - LIBRARY OF CONGRESS CALL NUMBER
Classification number RA445
Item number .D5
082 ## - DEWEY DECIMAL CLASSIFICATION NUMBER
Classification number 614.0975
100 1# - MAIN ENTRY--PERSONAL NAME
Personal name Dickins, Dorothy,
Dates associated with a name 1898-1975.
245 10 - TITLE STATEMENT
Title Wanted: a healthy South,
Statement of responsibility, etc. by Dorothy Dickens [!]...
260 ## - PUBLICATION, DISTRIBUTION, ETC.
Place of publication, distribution, etc. Atlanta, Ga.,
Name of publisher, distributor, etc. Southern regional council, inc.,
Date of publication, distribution, etc. c1946.
300 ## - PHYSICAL DESCRIPTION
Extent 30 p.
Other physical details illus., diagrs.
Dimensions 23 cm.
500 ## - GENERAL NOTE
General note On cover: No. 6.
651 #0 - SUBJECT ADDED ENTRY--GEOGRAPHIC NAME
Geographic name Southern States
General subdivision Sanitary affairs.
650 #0 - SUBJECT ADDED ENTRY--TOPICAL TERM
Topical term or geographic name entry element Public health
Geographic subdivision United States.

No items available.

Powered by Koha